Statistics for Lyrics to We Are Young by Fun.

Click here to take the quiz!

General Stats

  • This quiz has been taken 5,189 times
    (4,957 since last reset)
  • The average score is 28 of 39

Answer Stats

Hint Answer % Correct
Getting higher than the ______ StateEmpire
98%
My friends are in the __________Bathroom
96%
Than the ___Sun
96%
I need to get my _____ straightStory
95%
Tonight, we are _____Young
95%
So let's set the world on ____Fire
95%
I'll _____ you homeCarry
93%
I'll _____ you homeCarry
93%
So if by the time, the ___ closesBar
92%
I know i gave it to you ______ agoMonths
91%
Give me a _________Second
91%
I know you're trying to ______Forget
90%
We can burn ________Brighter
90%
And you feel like _______ downFalling
88%
_______Tonight
87%
My _____ she's waiting for meLover
87%
Just carry me home _______Tonight
87%
Carry me home ______Tonight
87%
My seat's been taken by some _________Sunglasses
85%
Asking 'bout a ____, andScar
85%
Just ______ the barAcross
84%
There are holes in my ______Apologies
80%
The bar ______Closes
72%
Cause i found someone to _____ __ ____Carry me home
72%
And you feel like _______ ____Falling Down
68%
So if by ___ ___The Time
67%
But between the ______ and subtle thingsDrinks
65%
You know I'm trying hard to ____ __ ____Take it back
64%
Now I know that I'm not, all that ___ ___You Got
62%
I guess that I, I just _______Thought
60%
Maybe we could find new ways to ____ _____Fall Apart
59%
So will _______ come and carry me home tonightSomeone
50%
So will _______ come and carry me home tonightSomeone
50%
But our friends are ____Back
49%
So let's raise a _____Toast
39%
I have no reason to ___Run
26%
The ____ is on my sideWorld
21%
But I can hear the _____Choir
19%
The _____ never arrivedAngels
17%

Score Distribution

Percentile by Number Answered

Percent of People with Each Score

Your Score History

You have not taken this quiz since the last reset